LEADER 01707nam a2200349 i 4500 001 000000044503 003 CaOOAMICUS 005 20220126143354.0 008 040719s1965 gw u000 u ger u 013 $a15673 040 $aSeMil$bita 245 00$a2: Rekognitionen in Rufins Übersetzung /$cherausgegeben von Bernhard Rehm zum Druck besorgt durch Franz Paschke. 264 1$aBerlin :$bAkademie Verlag,$c1965. 300 $aCXI, 387 p. ;$c25 cm 490 1 $aDie griechischen christlichen Schriftsteller der ersten drei Jahruhunderte ;$v51 500 $aAttribuito a papa Clemente I 700 1 $aRehm, Bernhard,$d<1909-1942>.$0(OLS)http://semarc/name/22136 700 1 $aPaschke, Franz.$0(OLS)http://semarc/name/19273 700 0 $aClemens I,$c.$0(OLS)http://semarc/name/115082 700 0 $aRufinus : Tyrannius,$c.$0(OLS)http://semarc/name/4102 773 0 $tPseudoklementinen.$dBerlin : Akademie Verlag ; Berlin ; New York : De Gruyter, 1953-2008.$kGriechischen christlichen Schriftsteller der ersten Jahrhunderte$g2$w()11912 830 4$aDie griechischen christlichen Schriftsteller der ersten Jahrhunderte ;$v51.$0(OLS)http://semarc/title/438501 850 $aSeMil 852 $aSeMil$W1$xVenegono$y1$m2S II 57$j10658$B10658$CSeMilBibl$Z2$F10658 $81 900 0 $aRufino : d'Aquileia. 900 1 $aClemente I$c. 961 $aRecupero: Altro 996 $6245$a2: Rekognitionen in Rufins Übersetzung$9(OLS)http://semarc/title/65829 996 $6264$aBerlin :$bAkademie Verlag$9(OLS)http://semarc/publisher/29687 LEADER 01583nam a2200325 i 4500 001 000000110201 003 CaOOAMICUS 005 20021125000000.0 008 021125s1991 gw u000 u ger u 013 $a82882 020 $a3-87088-682-X 040 $aSeMil$bita 245 10$aChristentum und nichtchristliche Religionen /$cherausgegeben von Harald Wagner in Verbindung mit dem Johann-Adam-Möhler-Institut. 260 $aPaderbon :$bBonifatius,$c1991. 300 $a191 p. ;$c22 cm. 490 0 $aKonfessionskundliche Schriften des Johann-Adam-Möhler-Instituts ;$v17 490 0 $aKonfessionskundliche und kontroverstheologische Studien 500 $aFondo Card. C.M. Martini. 650 4$aCristianesimo e religioni non cristiane.$0(OLS)http://semarc/subject/3360 700 1 $aWagner, Harald <1944-2016>.$0(OLS)http://semarc/name/16092 700 1 $aJohann Adam Möhler Institut .$0(OLS)http://semarc/name/4083 830 0$aKonfessionskundliche Schriften des Johann-Adam-Möhler-Instituts ;$v17.$0(OLS)http://semarc/title/10618 830 0$aKonfessionskundliche und kontroverstheologische Studien.$0(OLS)http://semarc/title/19697 850 $aSeMil 852 $aSeMil$W1$xVenegono$y1$m2D I 16$j66110$B66110$CSeMilBibl$Z2$F84033 $81 941 1 $a4 961 $aOmaggio: Martini Card. Carlo Maria 996 $6020$a3-87088-682-X$9(OLS)http://semarc/number/91853 996 $6245$aChristentum und nichtchristliche Religionen$9(OLS)http://semarc/title/160152 996 $6260$aPaderbon :$bBonifatius$9(OLS)http://semarc/publisher/32084